| 000 | 00991 a2200217 4500 | ||
|---|---|---|---|
| 003 | Nust | ||
| 005 | 20230608144643.0 | ||
| 010 | _a 2003269366 | ||
| 040 | _cNust | ||
| 082 | 0 | 0 | _a006.3,RUS |
| 100 | 1 |
_aRussell, Stuart J. _984030 |
|
| 245 | 1 | 0 |
_aArtificial intelligence : _ba modern approach / _cStuart J. Russell and Peter Norvig ; contributing writers, John F. Canny ... [et al.]. |
| 250 | _a2nd ed. | ||
| 260 |
_aUpper Saddle River, N.J. : _bPrentice Hall/Pearson Education, _cc2003. |
||
| 300 |
_axxviii, 1080 p. : _bill. ; _c27 cm. |
||
| 440 | 0 |
_aPrentice Hall series in artificial intelligence _997242 |
|
| 505 | _aArtificial Intelligence (Page-1), Problem-Solving (Page-57), Knowledge and Reasoning (Page-192), Planning (Page-373), Uncertain Knowledge and Reasoning (Page-460), Learning (Page-647), Communicating, Perceiving and Acting (Page-788), Conclusions (Page-945). | ||
| 650 | 0 | _aArtificial intelligence. | |
| 700 | 1 |
_aNorvig, Peter. _955386 |
|
| 942 |
_2ddc _cBK _k006.3,RUS |
||
| 999 |
_c179610 _d179610 |
||